[Event "147 Stay Safe Play From Home series"]
[Site "T#646013Emanuel Laske"]
[Date "2020.05.13"]
[Round "1"]
[White "rohit2007"]
[Black "Rolf03"]
[Result "1-0"]
[WhiteElo "2054"]
[BlackElo "1942"]
[Annotator "TA"]
[PlyCount "53"]
[EventDate "2020.05.13"]
[EventType "swiss (blitz)"]

{[%evp 12,53,35,29,42,35,54,47,42,47,59,58,81,83,75,-30,-29,-60,-14,-4,-21,-46,-13,-55,0,-262,-270,-209,-186,-377,-304,-627,-357,-588,1512,1478,29991,29992,29992,29993,29993,29994,29995,29995]} 1. e4 c6 2. Nc3 d5 3. Nf3 Bg4 4. h3 Bxf3 5. Qxf3 Nf6 6. d3 e6 7. Bd2 Bc5 {B11: Caro-Kann: Two Knights Variation.} 8. O-O-O O-O 9. g4 {[#]} a5 $146 {White is slightly better.} ({Predecessor:} 9... b5 10. g5 Nfd7 11. exd5 cxd5 12. Nxb5 Qb6 13. d4 Bxd4 14. Nxd4 Qxd4 15. Bc3 Qb6 16. Bd3 Nc5 17. Bxh7+ Kxh7 18. Qh5+ Kg8 19. Bxg7 Kxg7 20. Qh6+ {1-0 (20) Noy,I-Halabie,A IECC email 1997}) 10. g5 Nfd7 11. h4 b5 12. h5 b4 13. Nb1 (13. Na4 $16) 13... a4 14. g6 fxg6 15. Qg4 Qf6 {Hoping for ...Ne5.} 16. hxg6 h6 (16... hxg6 $6 17. Bh3 $14 (17. Qh3 Kf7 $15)) 17. f4 a3 ({Better is} 17... Na6 $15) 18. c3 $2 {[%mdl 8192] [#]} (18. bxa3 $11 {and White has nothing to worry.} Qa1 19. Qxe6+ (19. axb4 $2 Bd4 $19) 19... Kh8 20. f5 (20. Bxb4 Bxb4 21. axb4 Rxa2 $11)) 18... axb2+ $19 19. Kxb2 {intending e5.} Bf2 20. f5 $2 (20. Rh2 Bd4 21. Qh4 (21. cxd4 $2 Qxd4+ {[%mdl 64] Double Attack} 22. Kc1 Rxa2 $19)) 20... exf5 21. Qh3 $2 (21. Qf4 fxe4 {[%mdl 64] Discovered Attack} 22. Qxf6 Nxf6 23. cxb4) 21... fxe4 {[#] Threatens to win with ...Nc5.} 22. dxe4 $2 (22. Bxh6 {was the only defense.} gxh6 23. Qxh6) 22... dxe4 $4 {[%mdl 8192]} (22... Nc5 $19 23. exd5 Nbd7 24. dxc6 Ne5 {[%mdl 64] Double Attack} 25. Bxh6 Qxg6) 23. Bc4+ $18 Kh8 24. Bxh6 {White mates.} Bh4 25. Be3 Rxa2+ 26. Bxa2 bxc3+ 27. Nxc3 {Quite a comeback for White. Accuracy: White = 46%, Black = 52%.} 1-0

[Event "147 Stay Safe Play From Home series"]
[Site "T#646013Emanuel Laske"]
[Date "2020.05.13"]
[Round "1"]
[White "Lazieri3"]
[Black "Lucknow"]
[Result "1-0"]
[WhiteElo "2048"]
[BlackElo "1800"]
[Annotator "RC"]
[PlyCount "81"]
[EventDate "2020.05.13"]
[EventType "swiss (blitz)"]

1. d4 {[%emt 0:00:01]} d5 {[%emt 0:00:02]} 2. Nf3 {[%emt 0:00:01]} c6 {[%emt 0:00:01]} 3. c4 {[%emt 0:00:01]} e6 {[%emt 0:00:01]} 4. Nc3 {[%emt 0:00:01]} Nf6 {[%emt 0:00:07]} 5. Bg5 {[%emt 0:00:02]} Be7 {[%emt 0:00:01]} 6. cxd5 {[%emt 0:00:02]} exd5 {[%emt 0:00:02]} 7. e3 {[%emt 0:00:01]} Nbd7 {[%emt 0:00:01]} 8. Bd3 {[%emt 0:00:01]} O-O {[%emt 0:00:01]} 9. O-O {[%emt 0:00:01]} Re8 {[%emt 0:00:01]} 10. h3 {[%emt 0:00:02]} h6 {[%emt 0:00:02]} 11. Bh4 {[%emt 0:00:01]} Ne4 {[%emt 0:00:02]} 12. Bxe7 {[%emt 0:00:01]} Qxe7 {[%emt 0:00:01]} 13. Nd2 {[%emt 0:00:02]} Ndf6 {[%emt 0:00:04]} 14. Ndxe4 {[%emt 0:00:02]} Nxe4 {[%emt 0:00:03]} 15. Nxe4 {[%emt 0:00:02]} dxe4 {[%emt 0:00:02]} 16. Bc4 {[%emt 0:00:01]} Be6 {[%emt 0:00:01]} 17. Bxe6 {[%emt 0:00:01]} Qxe6 {[%emt 0:00:01]} 18. Qc2 {[%emt 0:00:01]} Rad8 {[%emt 0:00:03]} 19. Rfc1 {[%emt 0:00:02]} Rd5 {[%emt 0:00:07]} 20. b4 {[%emt 0:00:03]} a6 {[%emt 0:00:03]} 21. a4 {[%emt 0:00:03]} Rg5 {[%emt 0:00:01]} 22. Kh1 {[%emt 0:00:05]} Qg6 {[%emt 0:00:04]} 23. Rg1 {[%emt 0:00:02]} Qd6 {[%emt 0:00:07]} 24. Rab1 {[%emt 0:00:05]} Qd7 {[%emt 0:00:06]} 25. Qc4 {[%emt 0:00:09]} Rh5 {[%emt 0:00:06]} 26. Kh2 {[%emt 0:00:16]} Qd6+ {[%emt 0:00:07]} 27. g3 {[%emt 0:00:04]} Qd7 {[%emt 0:00:04]} 28. h4 {[%emt 0:00:01]} Qd6 {[%emt 0:00:03]} 29. Kg2 {[%emt 0:00:04]} Re6 {[%emt 0:00:05]} 30. b5 {[%emt 0:00:01]} Rg6 {[%emt 0:00:08]} 31. bxc6 {[%emt 0:00:09]} bxc6 {[%emt 0:00:05]} 32. Rh1 {[%emt 0:00:08]} Qf6 {[%emt 0:00:06]} 33. Qe2 {[%emt 0:00:37]} Rxh4 {[%emt 0:00:06]} 34. Rxh4 {[%emt 0:00:01]} Qxh4 {[%emt 0:00:01]} 35. Rb6 {[%emt 0:00:04]} a5 {[%emt 0:00:07]} 36. Rxc6 {[%emt 0:00:05]} Qg5 {[%emt 0:00:04]} 37. Rxg6 {[%emt 0:00:01]} Qxg6 {[%emt 0:00:01]} 38. d5 {[%emt 0:00:11]} Qf5 {[%emt 0:00:03]} 39. Qd2 {[%emt 0:00:02]} Qf3+ {[%emt 0:00:02]} 40. Kh2 {[%emt 0:00:01]} Qh5+ {[%emt 0:00:04]} 41. Kg1 {[%emt 0:00:02] Lucknow gibt auf (Lag: Av=0.41s, max=0.7s)} 1-0

[Event "147 Stay Safe Play From Home series"]
[Site "T#646013Emanuel Laske"]
[Date "2020.05.13"]
[Round "1"]
[White "Weltszmerc"]
[Black "Haris kollari 13"]
[Result "0-1"]
[WhiteElo "2028"]
[BlackElo "1961"]
[PlyCount "162"]
[EventDate "2020.05.13"]
[EventType "swiss (blitz)"]

1. d4 {[%emt 0:00:01]} d5 {[%emt 0:00:02]} 2. c4 {[%emt 0:00:02]} e5 {[%emt 0:00:01]} 3. Nf3 {[%emt 0:00:01]} e4 {[%emt 0:00:01]} 4. Nfd2 {[%emt 0:00:01]} c6 {[%emt 0:00:01]} 5. e3 {[%emt 0:00:02]} f5 {[%emt 0:00:01]} 6. Nc3 {[%emt 0:00:06]} Nf6 {[%emt 0:00:01]} 7. f3 {[%emt 0:00:01]} Bd6 {[%emt 0:00:01]} 8. fxe4 {[%emt 0:00:01]} fxe4 {[%emt 0:00:01]} 9. Be2 {[%emt 0:00:04]} O-O {[%emt 0:00:01]} 10. O-O {[%emt 0:00:02]} Be6 {[%emt 0:00:01]} 11. Qb3 {[%emt 0:00:07]} Qd7 {[%emt 0:00:10]} 12. cxd5 {[%emt 0:00:05]} cxd5 {[%emt 0:00:03]} 13. Na4 {[%emt 0:00:03]} Nc6 {[%emt 0:00:04]} 14. Nc5 {[%emt 0:00:03]} Bxc5 {[%emt 0:00:02]} 15. dxc5 {[%emt 0:00:00]} d4 {[%emt 0:00:07]} 16. Bc4 {[%emt 0:00:01]} Nd5 {[%emt 0:00:15]} 17. Rxf8+ {[%emt 0:00:09]} Rxf8 {[%emt 0:00:02]} 18. Nxe4 {[%emt 0:00:05]} Na5 {[%emt 0:00:02]} 19. Qb5 {[%emt 0:00:04]} Nxc4 {[%emt 0:00:02]} 20. Qxd7 {[%emt 0:00:23]} Bxd7 {[%emt 0:00:02]} 21. exd4 {[%emt 0:00:01]} Bc6 {[%emt 0:00:07]} 22. b3 {[%emt 0:00:08]} Nce3 {[%emt 0:00:02]} 23. Bxe3 {[%emt 0:00:02]} Nxe3 {[%emt 0:00:01]} 24. Nc3 {[%emt 0:00:17]} Nc2 {[%emt 0:00:08]} 25. Rd1 {[%emt 0:00:03]} Ne3 {[%emt 0:00:08]} 26. Re1 {[%emt 0:00:09]} Nd5 {[%emt 0:00:05]} 27. Nxd5 {[%emt 0:00:08]} Bxd5 {[%emt 0:00:01]} 28. Re5 {[%emt 0:00:01]} Rd8 {[%emt 0:00:01]} 29. Kf2 {[%emt 0:00:01]} Kf7 {[%emt 0:00:01]} 30. g3 {[%emt 0:00:02]} Kf6 {[%emt 0:00:01]} 31. Ke3 {[%emt 0:00:01]} Bc6 {[%emt 0:00:03]} 32. g4 {[%emt 0:00:07]} h6 {[%emt 0:00:02]} 33. h4 {[%emt 0:00:02]} Rd5 {[%emt 0:00:01]} 34. g5+ {[%emt 0:00:03]} hxg5 {[%emt 0:00:02]} 35. hxg5+ {[%emt 0:00:00]} Kg6 {[%emt 0:00:02]} 36. Re7 {[%emt 0:00:05]} Rxg5 {[%emt 0:00:02]} 37. b4 {[%emt 0:00:05]} Kf6 {[%emt 0:00:01]} 38. Rc7 {[%emt 0:00:03]} a6 {[%emt 0:00:01]} 39. a4 {[%emt 0:00:02]} Rg3+ {[%emt 0:00:03]} 40. Kf4 {[%emt 0:00:08]} Rf3+ {[%emt 0:00:01]} 41. Kg4 {[%emt 0:00:01]} Rd3 {[%emt 0:00:01]} 42. b5 {[%emt 0:00:07]} axb5 {[%emt 0:00:01]} 43. axb5 {[%emt 0:00:01]} Rxd4+ {[%emt 0:00:00]} 44. Kg3 {[%emt 0:00:01]} Bxb5 {[%emt 0:00:04]} 45. Rxb7 {[%emt 0:00:00]} Ba4 {[%emt 0:00:06]} 46. Kf3 {[%emt 0:00:04]} Rc4 {[%emt 0:00:01]} 47. Rc7 {[%emt 0:00:05]} g5 {[%emt 0:00:03]} 48. Rc8 {[%emt 0:00:03]} Kf5 {[%emt 0:00:02]} 49. Rf8+ {[%emt 0:00:02]} Ke5 {[%emt 0:00:02]} 50. Rg8 {[%emt 0:00:02]} g4+ {[%emt 0:00:03]} 51. Kg3 {[%emt 0:00:04]} Bd1 {[%emt 0:00:01]} 52. Rc8 {[%emt 0:00:04]} Bf3 {[%emt 0:00:02]} 53. c6 {[%emt 0:00:02]} Kd6 {[%emt 0:00:01]} 54. Rd8+ {[%emt 0:00:04]} Kxc6 {[%emt 0:00:01]} 55. Rc8+ {[%emt 0:00:01]} Kd5 {[%emt 0:00:01]} 56. Rd8+ {[%emt 0:00:01]} Kc5 {[%emt 0:00:01]} 57. Rc8+ {[%emt 0:00:01]} Kb4 {[%emt 0:00:01]} 58. Rb8+ {[%emt 0:00:01]} Kc3 {[%emt 0:00:01]} 59. Rd8 {[%emt 0:00:04]} Rd4 {[%emt 0:00:01]} 60. Rc8+ {[%emt 0:00:01]} Kd2 {[%emt 0:00:01]} 61. Rb8 {[%emt 0:00:04]} Kd1 {[%emt 0:00:02]} 62. Rb1+ {[%emt 0:00:02]} Ke2 {[%emt 0:00:01]} 63. Rb8 {[%emt 0:00:02]} Rd2 {[%emt 0:00:04]} 64. Re8+ {[%emt 0:00:01]} Kf1 {[%emt 0:00:01]} 65. Rb8 {[%emt 0:00:04]} Rg2+ {[%emt 0:00:02]} 66. Kf4 {[%emt 0:00:00]} Kg1 {[%emt 0:00:01]} 67. Rb1+ {[%emt 0:00:04]} Kh2 {[%emt 0:00:01]} 68. Rb8 {[%emt 0:00:00]} Be2 {[%emt 0:00:05]} 69. Rh8+ {[%emt 0:00:03]} Kg1 {[%emt 0:00:01]} 70. Ke3 {[%emt 0:00:01]} Bd1 {[%emt 0:00:05]} 71. Rd8 {[%emt 0:00:03]} Bf3 {[%emt 0:00:02]} 72. Kf4 {[%emt 0:00:05]} Re2 {[%emt 0:00:09]} 73. Kg3 {[%emt 0:00:04]} Rg2+ {[%emt 0:00:02]} 74. Kf4 {[%emt 0:00:01]} Kf2 {[%emt 0:00:01]} 75. Rd2+ {[%emt 0:00:03]} Be2 {[%emt 0:00:02]} 76. Ra2 {[%emt 0:00:06]} Rh2 {[%emt 0:00:01]} 77. Ra3 {[%emt 0:00:07]} Rh8 {[%emt 0:00:02]} 78. Ra7 {[%emt 0:00:20]} Rf8+ {[%emt 0:00:02]} 79. Kg5 {[%emt 0:00:01]} g3 {[%emt 0:00:01]} 80. Kh4 {[%emt 0:00:01]} g2 {[%emt 0:00:01]} 81. Rg7 {[%emt 0:00:08]} Rh8+ {[%emt 0:00:03] Weltszmerc poddaje się (Lag: Av=0.74s, max=1.0s)} 0-1

[Event "147 Stay Safe Play From Home series"]
[Site "T#646013Emanuel Laske"]
[Date "2020.05.13"]
[Round "1"]
[White "MartinKestler"]
[Black "Nagaram"]
[Result "1-0"]
[WhiteElo "1971"]
[BlackElo "1348"]
[PlyCount "55"]
[EventDate "2020.05.13"]
[EventType "swiss (blitz)"]

1. Nf3 {[%emt 0:00:03]} d5 {[%emt 0:00:02]} 2. d4 {[%emt 0:00:06]} c5 {[%emt 0:00:26]} 3. c3 {[%emt 0:00:02]} e6 {[%emt 0:00:01]} 4. g3 {[%emt 0:00:02]} Nf6 {[%emt 0:00:01]} 5. Bg2 {[%emt 0:00:02]} cxd4 {[%emt 0:00:01]} 6. cxd4 {[%emt 0:00:02]} Bb4+ {[%emt 0:00:02] Nagaram offers a draw} 7. Bd2 {[%emt 0:00:03]} Bxd2+ {[%emt 0:00:02]} 8. Nbxd2 {[%emt 0:00:02]} O-O {[%emt 0:00:01]} 9. O-O {[%emt 0:00:03]} Nc6 {[%emt 0:00:01]} 10. a3 {[%emt 0:00:03]} a5 {[%emt 0:00:04]} 11. e3 {[%emt 0:00:06]} Bd7 {[%emt 0:00:02]} 12. Rc1 {[%emt 0:00:02]} Rc8 {[%emt 0:00:03]} 13. Qe2 {[%emt 0:00:03]} Qb6 {[%emt 0:00:02]} 14. Rc2 {[%emt 0:00:11]} Qb3 {[%emt 0:00:06]} 15. Rfc1 {[%emt 0:00:03]} Ne7 {[%emt 0:00:06]} 16. Rxc8 {[%emt 0:00:03]} Rxc8 {[%emt 0:00:00]} 17. Rxc8+ {[%emt 0:00:03]} Bxc8 {[%emt 0:00:02]} 18. Nb1 {[%emt 0:00:07]} Bd7 {[%emt 0:00:07]} 19. Ne1 {[%emt 0:00:06]} Qa2 {[%emt 0:00:02]} 20. Qc2 {[%emt 0:00:09]} h6 {[%emt 0:00:05]} 21. Nc3 {[%emt 0:00:04]} Qc4 {[%emt 0:00:02]} 22. Bf1 {[%emt 0:00:15]} Qc7 {[%emt 0:00:05]} 23. Bd3 {[%emt 0:00:05]} Nf5 {[%emt 0:00:11]} 24. Nf3 {[%emt 0:00:07]} b5 {[%emt 0:00:11]} 25. Ne5 {[%emt 0:00:06]} Ne4 {[%emt 0:00:10]} 26. Nxe4 {[%emt 0:00:04]} dxe4 {[%emt 0:00:00]} 27. Qxc7 {[%emt 0:00:02]} exd3 {[%emt 0:00:01]} 28. Nxd3 {[%emt 0:00:02] Nagaram resigns (Lag: Av=0.66s, max=0.8s)} 1-0

[Event "147 Stay Safe Play From Home series"]
[Site "T#646013Emanuel Laske"]
[Date "2020.05.13"]
[Round "1"]
[White "matanant"]
[Black "Little champs"]
[Result "0-1"]
[WhiteElo "1723"]
[BlackElo "2186"]
[Annotator "TA"]
[PlyCount "62"]
[EventDate "2020.05.13"]
[EventType "swiss (blitz)"]

{[%evp 15,62,-4,-18,-232,-226,-343,-342,-360,-379,-472,-477,-570,-570,-831,-824,-856,-837,-818,-720,-712,-692,-721,-716,-716,-705,-707,-668,-1164,-1163,-1170,-1161,-1167,-1162,-1160,-1154,-1162,-1148,-1097,-1084,-1272,-968,-1260,-1260,-1219,-1187,-1224,-1192,-29975,-29970]} 1. e4 c5 2. Nc3 d6 3. Bc4 e6 4. f4 Nf6 5. Nf3 Be7 6. O-O O-O 7. d3 a6 8. a4 Nc6 9. Be3 $2 {[#] B23: Closed Sicilian: Lines without g3.} (9. Bb3 $11 {and White has nothing to worry.}) 9... d5 $19 10. exd5 (10. Ne5 $142) 10... exd5 {[#]} 11. Ne5 $146 {Black has a decisive advantage.} ({Predecessor:} 11. Nxd5 Nxd5 12. Ne5 Nxe5 13. Bxd5 Qxd5 14. fxe5 Qxe5 15. Qf3 Bd6 16. Bf4 Qxf4 17. Qxf4 Bxf4 18. Rxf4 {0-1 (38) Chebotarev,V-Tanaev,V (2117) Tula 2005}) 11... dxc4 12. Nxc6 bxc6 13. Qf3 cxd3 14. Rad1 Bg4 {[%mdl 64] [#] Skewer} 15. Qxc6 Bxd1 16. Rxd1 Qc8 17. Qxc8 Raxc8 18. Rxd3 Rfd8 19. Rxd8+ Rxd8 20. h3 Nd5 21. Bd2 Nxc3 22. Bxc3 Bf6 23. Ba5 Rd1+ 24. Kf2 Bxb2 25. Ke2 Ra1 26. Bb6 Rxa4 27. Bxc5 Bd4 28. Bd6 Bf6 29. g4 h6 30. Bb8 Rb4 31. Kd3 Rxb8 {Black took control after the opening.} 0-1

[Event "147 Stay Safe Play From Home series"]
[Site "T#646013Emanuel Laske"]
[Date "2020.05.13"]
[Round "1"]
[White "Edmatuag"]
[Black "Don59as"]
[Result "0-1"]
[WhiteElo "1695"]
[BlackElo "2017"]
[PlyCount "66"]
[EventDate "2020.05.13"]
[EventType "swiss (blitz)"]

1. e4 {[%emt 0:00:03]} e5 {[%emt 0:00:01]} 2. Nf3 {[%emt 0:00:02]} Nc6 {[%emt 0:00:01]} 3. Bb5 {[%emt 0:00:01]} f5 {[%emt 0:00:01]} 4. d3 {[%emt 0:00:02]} Nf6 {[%emt 0:00:01]} 5. Nc3 {[%emt 0:00:02]} d6 {[%emt 0:00:01]} 6. Bg5 {[%emt 0:00:02]} Be7 {[%emt 0:00:01]} 7. Qd2 {[%emt 0:00:02]} O-O {[%emt 0:00:01]} 8. O-O-O {[%emt 0:00:02]} Kh8 {[%emt 0:00:02]} 9. Bxf6 {[%emt 0:00:02]} Bxf6 {[%emt 0:00:02]} 10. Kb1 {[%emt 0:00:00]} Nd4 {[%emt 0:00:02]} 11. Bc4 {[%emt 0:00:12]} c6 {[%emt 0:00:17]} 12. a3 {[%emt 0:00:02]} b5 {[%emt 0:00:02]} 13. Ba2 {[%emt 0:00:02]} a5 {[%emt 0:00:07]} 14. Nxd4 {[%emt 0:00:02]} exd4 {[%emt 0:00:02]} 15. Ne2 {[%emt 0:00:01]} c5 {[%emt 0:00:26]} 16. f4 {[%emt 0:00:12]} fxe4 {[%emt 0:00:19]} 17. dxe4 {[%emt 0:00:04]} Bb7 {[%emt 0:00:01]} 18. Ng3 {[%emt 0:00:09]} Bh4 {[%emt 0:00:06]} 19. c3 {[%emt 0:00:09]} Bxg3 {[%emt 0:00:04]} 20. hxg3 {[%emt 0:00:01]} Bxe4+ {[%emt 0:00:01]} 21. Ka1 {[%emt 0:00:00]} d3 {[%emt 0:00:12]} 22. Rh2 {[%emt 0:00:05]} c4 {[%emt 0:00:10]} 23. Rdh1 {[%emt 0:00:09]} Qf6 {[%emt 0:00:11]} 24. a4 {[%emt 0:00:25]} d5 {[%emt 0:00:08]} 25. b3 {[%emt 0:00:09]} b4 {[%emt 0:00:05]} 26. Rc1 {[%emt 0:00:17]} Rfc8 {[%emt 0:00:03]} 27. bxc4 {[%emt 0:00:02]} dxc4 {[%emt 0:00:01]} 28. Re1 {[%emt 0:00:16]} bxc3 {[%emt 0:00:06]} 29. Rxh7+ {[%emt 0:00:16]} Bxh7 {[%emt 0:00:05]} 30. Qe3 {[%emt 0:00:07]} d2 {[%emt 0:00:10]} 31. Rb1 {[%emt 0:00:18]} c2+ {[%emt 0:00:03]} 32. Rb2 {[%emt 0:00:04]} c1=Q+ {[%emt 0:00:03]} 33. Bb1 {[%emt 0:00:01]} Qcxb2# {[%emt 0:00:01] (Lag: Av=0.60s, max=0.8s)} 0-1

[Event "147 Stay Safe Play From Home series"]
[Site "T#646013Emanuel Laske"]
[Date "2020.05.13"]
[Round "1"]
[White "Gibiz144"]
[Black "Greblah"]
[Result "0-1"]
[WhiteElo "1626"]
[BlackElo "1866"]
[Annotator "NA"]
[PlyCount "146"]
[EventDate "2020.05.13"]
[EventType "swiss (blitz)"]

1. d4 {[%emt 0:00:02]} c6 {[%emt 0:00:01]} 2. Bg5 {[%emt 0:00:02]} d5 {[%emt 0:00:00]} 3. Nf3 {[%emt 0:00:01]} h6 {[%emt 0:00:02]} 4. Bh4 {[%emt 0:00:01]} Nd7 {[%emt 0:00:01]} 5. e3 {[%emt 0:00:01]} Ngf6 {[%emt 0:00:03]} 6. Bd3 {[%emt 0:00:01]} e6 {[%emt 0:00:04]} 7. c3 {[%emt 0:00:01]} Be7 {[%emt 0:00:01]} 8. Qc2 {[%emt 0:00:01]} c5 {[%emt 0:00:04]} 9. dxc5 {[%emt 0:00:02]} Nxc5 {[%emt 0:00:01]} 10. Nbd2 {[%emt 0:00:03]} Nxd3+ {[%emt 0:00:03]} 11. Qxd3 {[%emt 0:00:01]} Bd7 {[%emt 0:00:01]} 12. O-O {[%emt 0:00:03]} Qb6 {[%emt 0:00:04]} 13. Rfb1 {[%emt 0:00:07]} Bb5 {[%emt 0:00:03]} 14. c4 {[%emt 0:00:05]} dxc4 {[%emt 0:00:02]} 15. Nxc4 {[%emt 0:00:01]} Qa6 {[%emt 0:00:11]} 16. Rc1 {[%emt 0:00:07]} Rd8 {[%emt 0:00:04]} 17. Qb3 {[%emt 0:00:06]} O-O {[%emt 0:00:02]} 18. a4 {[%emt 0:00:06]} Bc6 {[%emt 0:00:07]} 19. Nce5 {[%emt 0:00:07]} Bd5 {[%emt 0:00:04]} 20. Qc2 {[%emt 0:00:07]} g5 {[%emt 0:00:21]} 21. Bg3 {[%emt 0:00:03]} Be4 {[%emt 0:00:07]} 22. Qc7 {[%emt 0:00:06]} Bd6 {[%emt 0:00:10]} 23. Qc4 {[%emt 0:00:04]} Bxf3 {[%emt 0:00:09]} 24. Nxf3 {[%emt 0:00:06]} Qxc4 {[%emt 0:00:07]} 25. Rxc4 {[%emt 0:00:02]} Bxg3 {[%emt 0:00:02]} 26. hxg3 {[%emt 0:00:01]} Rd7 {[%emt 0:00:01]} 27. Rac1 {[%emt 0:00:03]} Rfd8 {[%emt 0:00:03]} 28. Rc7 {[%emt 0:00:06]} Ng4 {[%emt 0:00:10]} 29. Nd4 {[%emt 0:00:05]} a6 {[%emt 0:00:14]} 30. Kf1 {[%emt 0:00:06]} Kf8 {[%emt 0:00:12]} 31. Ke2 {[%emt 0:00:03]} Ke7 {[%emt 0:00:03]} 32. R1c2 {[%emt 0:00:10]} Rxc7 {[%emt 0:00:03]} 33. Rxc7+ {[%emt 0:00:02]} Rd7 {[%emt 0:00:00]} 34. Rxd7+ {[%emt 0:00:08]} Kxd7 {[%emt 0:00:01]} 35. f3 {[%emt 0:00:02]} Ne5 {[%emt 0:00:02]} 36. f4 {[%emt 0:00:04]} Nc4 {[%emt 0:00:03]} 37. b3 {[%emt 0:00:10]} Nb6 {[%emt 0:00:10]} 38. Kf3 {[%emt 0:00:03]} f5 {[%emt 0:00:07]} 39. g4 {[%emt 0:00:06]} fxg4+ {[%emt 0:00:03]} 40. Kxg4 {[%emt 0:00:01]} gxf4 {[%emt 0:00:02]} 41. exf4 {[%emt 0:00:01]} Nd5 {[%emt 0:00:03]} 42. g3 {[%emt 0:00:04]} Nf6+ {[%emt 0:00:02]} 43. Kf3 {[%emt 0:00:03]} Kd6 {[%emt 0:00:02]} 44. g4 {[%emt 0:00:01]} Kd5 {[%emt 0:00:01]} 45. Nc2 {[%emt 0:00:04]} a5 {[%emt 0:00:17]} 46. g5 {[%emt 0:00:13]} hxg5 {[%emt 0:00:03]} 47. fxg5 {[%emt 0:00:01]} Nh5 {[%emt 0:00:09]} 48. Kg4 {[%emt 0:00:01]} Ng7 {[%emt 0:00:01]} 49. g6 {[%emt 0:00:05]} Ke5 {[%emt 0:00:08]} 50. Kg5 {[%emt 0:00:01]} b6 {[%emt 0:00:04]} 51. Kh6 {[%emt 0:00:02]} Nf5+ {[%emt 0:00:01]} 52. Kh7 {[%emt 0:00:02]} Kf6 {[%emt 0:00:03]} 53. b4 {[%emt 0:00:07]} e5 {[%emt 0:00:03]} 54. b5 {[%emt 0:00:09]} e4 {[%emt 0:00:01]} 55. Na3 {[%emt 0:00:21]} e3 {[%emt 0:00:06]} 56. Nc2 {[%emt 0:00:06]} e2 {[%emt 0:00:03]} 57. Ne1 {[%emt 0:00:04]} Ke6 {[%emt 0:00:05]} 58. g7 {[%emt 0:00:03]} Ne7 {[%emt 0:00:05]} 59. g8=Q+ {[%emt 0:00:05]} Nxg8 {[%emt 0:00:00]} 60. Kxg8 {[%emt 0:00:01]} Kd5 {[%emt 0:00:00]} 61. Kf7 {[%emt 0:00:04]} Kc4 {[%emt 0:00:00]} 62. Ke6 {[%emt 0:00:01]} Kb4 {[%emt 0:00:00]} 63. Kd5 {[%emt 0:00:01]} Kxa4 {[%emt 0:00:01]} 64. Kc4 {[%emt 0:00:01]} Ka3 {[%emt 0:00:01]} 65. Kc3 {[%emt 0:00:02]} a4 {[%emt 0:00:03]} 66. Nc2+ {[%emt 0:00:07]} Ka2 {[%emt 0:00:01]} 67. Kd2 {[%emt 0:00:10]} Kb2 {[%emt 0:00:03]} 68. Nb4 {[%emt 0:00:06]} e1=Q+ {[%emt 0:00:04]} 69. Kxe1 {[%emt 0:00:01]} Kb3 {[%emt 0:00:00]} 70. Nd3 {[%emt 0:00:15]} a3 {[%emt 0:00:05]} 71. Kd1 {[%emt 0:00:01]} Kc3 {[%emt 0:00:04]} 72. Nc1 {[%emt 0:00:01]} Kb4 {[%emt 0:00:01]} 73. Kc2 {[%emt 0:00:04]} Ka4 {[%emt 0:00:03] Zeit (Lag: Av=0.55s, max=1.4s)} 0-1

[Event "147 Stay Safe Play From Home series"]
[Site "T#646013Emanuel Laske"]
[Date "2020.05.13"]
[Round "2"]
[White "Don59as"]
[Black "Lazieri3"]
[Result "1-0"]
[WhiteElo "2021"]
[BlackElo "2054"]
[Annotator "NA RC"]
[PlyCount "119"]
[EventDate "2020.05.13"]
[EventType "swiss (blitz)"]

1. c4 {[%emt 0:00:02]} c5 {[%emt 0:00:02]} 2. Nc3 {[%emt 0:00:01]} Nc6 {[%emt 0:00:00]} 3. g3 {[%emt 0:00:04]} d6 {[%emt 0:00:02]} 4. Bg2 {[%emt 0:00:01]} Nf6 {[%emt 0:00:01]} 5. e4 {[%emt 0:00:04]} Be6 {[%emt 0:00:01]} 6. d3 {[%emt 0:00:08]} Qd7 {[%emt 0:00:01]} 7. h3 {[%emt 0:00:01]} g6 {[%emt 0:00:04]} 8. Nge2 {[%emt 0:00:01]} Qc8 {[%emt 0:00:04]} 9. Nf4 {[%emt 0:00:03]} Bd7 {[%emt 0:00:01]} 10. g4 {[%emt 0:00:03]} h6 {[%emt 0:00:02]} 11. Be3 {[%emt 0:00:06]} Bg7 {[%emt 0:00:02]} 12. Qd2 {[%emt 0:00:04]} h5 {[%emt 0:00:02]} 13. g5 {[%emt 0:00:09]} Ng8 {[%emt 0:00:01]} 14. h4 {[%emt 0:00:10]} a6 {[%emt 0:00:02]} 15. Rc1 {[%emt 0:00:11]} Nd4 {[%emt 0:00:02]} 16. Nce2 {[%emt 0:00:06]} Nxe2 {[%emt 0:00:04]} 17. Nxe2 {[%emt 0:00:04]} Qc7 {[%emt 0:00:07]} 18. d4 {[%emt 0:00:03]} e6 {[%emt 0:00:08]} 19. O-O {[%emt 0:00:06]} Ne7 {[%emt 0:00:02]} 20. b3 {[%emt 0:00:05]} Nc6 {[%emt 0:00:03]} 21. f4 {[%emt 0:00:05]} Nxd4 {[%emt 0:00:06]} 22. Nxd4 {[%emt 0:00:01]} cxd4 {[%emt 0:00:02]} 23. Bxd4 {[%emt 0:00:01]} Bxd4+ {[%emt 0:00:01]} 24. Qxd4 {[%emt 0:00:02]} Qc5 {[%emt 0:00:01]} 25. Rfd1 {[%emt 0:00:11]} Bc6 {[%emt 0:00:15]} 26. Kh2 {[%emt 0:00:09]} Qxd4 {[%emt 0:00:01]} 27. Rxd4 {[%emt 0:00:01]} Ke7 {[%emt 0:00:00]} 28. Rcd1 {[%emt 0:00:01]} Rhd8 {[%emt 0:00:01]} 29. Kg3 {[%emt 0:00:15]} Rd7 {[%emt 0:00:01]} 30. Kf3 {[%emt 0:00:05]} Rad8 {[%emt 0:00:02]} 31. Ke3 {[%emt 0:00:01]} Ke8 {[%emt 0:00:09]} 32. Bh3 {[%emt 0:00:04]} Ke7 {[%emt 0:00:07]} 33. f5 {[%emt 0:00:01]} gxf5 {[%emt 0:01:07]} 34. exf5 {[%emt 0:00:03]} d5 {[%emt 0:00:01]} 35. cxd5 {[%emt 0:00:34]} Rxd5 {[%emt 0:00:21]} 36. f6+ {[%emt 0:00:31]} Ke8 {[%emt 0:00:09]} 37. g6 {[%emt 0:00:11]} fxg6 {[%emt 0:00:16]} 38. Rxd5 {[%emt 0:00:02]} Rxd5 {[%emt 0:00:14]} 39. Rxd5 {[%emt 0:00:04]} Bxd5 {[%emt 0:00:08]} 40. Kf4 {[%emt 0:00:03]} Kf7 {[%emt 0:00:01]} 41. Ke5 {[%emt 0:00:03]} b6 {[%emt 0:00:06]} 42. Bf1 {[%emt 0:00:01]} a5 {[%emt 0:00:03]} 43. Bd3 {[%emt 0:00:03]} a4 {[%emt 0:00:04]} 44. Bc2 {[%emt 0:00:06]} b5 {[%emt 0:00:08]} 45. bxa4 {[%emt 0:00:04]} bxa4 {[%emt 0:00:02]} 46. a3 {[%emt 0:00:11]} Bb3 {[%emt 0:00:01]} 47. Bd3 {[%emt 0:00:01]} Bd5 {[%emt 0:00:02]} 48. Bb5 {[%emt 0:00:01]} Bb3 {[%emt 0:00:01]} 49. Bd7 {[%emt 0:00:01]} g5 {[%emt 0:00:03]} 50. hxg5 {[%emt 0:00:02]} h4 {[%emt 0:00:00]} 51. Bc6 {[%emt 0:00:02]} h3 {[%emt 0:00:02]} 52. Kf4 {[%emt 0:00:01]} h2 {[%emt 0:00:02]} 53. Kg3 {[%emt 0:00:01]} Bd5 {[%emt 0:00:01]} 54. Bxd5 {[%emt 0:00:01]} exd5 {[%emt 0:00:00]} 55. Kxh2 {[%emt 0:00:01]} d4 {[%emt 0:00:01]} 56. Kg3 {[%emt 0:00:01]} Kg6 {[%emt 0:00:00]} 57. Kf3 {[%emt 0:00:01]} Kxg5 {[%emt 0:00:01]} 58. f7 {[%emt 0:00:02]} Kf6 {[%emt 0:00:00]} 59. f8=Q+ {[%emt 0:00:02]} Ke5 {[%emt 0:00:00]} 60. Qb4 {[%emt 0:00:01] Lazieri3 resigns (Lag: Av=0.58s, max=1.0s)} 1-0